Vnutrenjaja konvertirujemost' nacional'nych valjut pri perechode k rynku.
Podmienky zavedenia vnútornej konvertibility meny (VK). VK ako prvok radikálneho programu prechodu k trhu. Príprava základných inštitucionálnych mechanizmov v ekonomike, vrátane zákonodarstva. Psychologické predpoklady, dôvera obyvateľstva k vládnej politike. Ciele zavedenia VK. Poľské skúsenosti.
Guardado en:
| Autor principal: | |
|---|---|
| Formato: | Capítulo de libro |
| Lenguaje: | ruso |
| Materias: | |
| Etiquetas: |
Sin Etiquetas, Sea el primero en etiquetar este registro!
|
MARC
| LEADER | 00000naa a2200000 4500 | ||
|---|---|---|---|
| 001 | r005548 | ||
| 005 | 20221130103924.7 | ||
| 041 | 0 | |a rus | |
| 044 | |a [SU] | ||
| 245 | 1 | 0 | |a Vnutrenjaja konvertirujemost' nacional'nych valjut pri perechode k rynku. |c A. Vernikov |
| 520 | |a Podmienky zavedenia vnútornej konvertibility meny (VK). VK ako prvok radikálneho programu prechodu k trhu. Príprava základných inštitucionálnych mechanizmov v ekonomike, vrátane zákonodarstva. Psychologické predpoklady, dôvera obyvateľstva k vládnej politike. Ciele zavedenia VK. Poľské skúsenosti. | ||
| 610 | 2 | 0 | |a konvertibilita |
| 610 | 2 | 0 | |a mena |
| 610 | 2 | 0 | |a reformy hospodárske |
| 610 | 2 | 0 | |a PR |
| 610 | 2 | 0 | |a hospodárstvo trhové |
| 100 | 1 | |a Vernikov, A. | |